| 000 | 00470nab a2200145Ia 4500 | ||
|---|---|---|---|
| 003 | ES-SlBCS | ||
| 005 | 20210601132853.0 | ||
| 008 | 140529s1947 xxu||||| |||| 00| 0 ita d | ||
| 041 | _aita | ||
| 100 | 1 |
_aMazzantini, Carlo _9106155 |
|
| 245 | 0 | 0 |
_aL'orizzonte metafisico della filosofia della virtualità _c Carlo Mazzantini |
| 650 | 0 | 4 |
_aMetafísica-Filosofía _9199682 |
| 773 | 0 |
_tGiornali di Metafisica _gvol. 2, nº. 4-5, 1947, págs. 416-427 _w0017-0372 |
|
| 942 | _cAR | ||
| 999 |
_c586966 _d586966 |
||